Funcionamiento neurocognitivo de personas que viven con VIH y toxoplasmosis encefálica (parte II) = Neurocognitive functioning of people living with HIV and brain toxoplasmosis: part II /

El presente artículo corresponde a la II parte de un estudio sobre el SIDA, en este apartado específicamente se presentan los resultados sobre la vinculación del VIH-SIDA con la toxoplasmosis encefálica con población dominicana, exponiendo específicamente la relación y las consecuencias a nivel del...

Ausführliche Beschreibung

Gespeichert in:
Bibliographische Detailangaben
1. Verfasser: Castellanos, Cesar E.
Format: Text
Schlagworte:
Tags: Tag hinzufügen
Keine Tags, Fügen Sie den ersten Tag hinzu!

MARC

LEADER 00000 a a2200000 04500
001 42946
003
040
100 |a Castellanos, Cesar E.  
245 |a Funcionamiento neurocognitivo de personas que viven con VIH y toxoplasmosis encefálica (parte II) =   |b Neurocognitive functioning of people living with HIV and brain toxoplasmosis: part II /  |c Cesar E. Castellanos  
500 |a cesarcastellanos1@gmail.com  
520 |a El presente artículo corresponde a la II parte de un estudio sobre el SIDA, en este apartado específicamente se presentan los resultados sobre la vinculación del VIH-SIDA con la toxoplasmosis encefálica con población dominicana, exponiendo específicamente la relación y las consecuencias a nivel del rendimiento neuropsicológico.  
590 |a SJB/JUNIO2012  
650 |a 1.SIDA  
650 |a 2.ENFERMEDADES  
650 |a 3.INVESTIGACION  
650 |a 4.PSICOLOGIA  
773 |g volumen35, número3 ( , 2010), páginas 482-503 : tablas, gráficos  
999 |c 28333  |d 28333